| 000 | 01347nam a22003497a 4500 | ||
|---|---|---|---|
| 003 | CHAP | ||
| 005 | 20220329134000.0 | ||
| 008 | 971013s1973 r 00010 d | ||
| 010 | _a13586 | ||
| 011 | _a14558 | ||
| 035 | _a18632 | ||
| 040 | _cCHAP | ||
| 082 |
_a624.177 _bC3 |
||
| 100 | 0 | 0 |
_aCastillo Martínez, Heberto. _920171 |
| 245 | _aAnálisis y diseño estructural | ||
| 260 |
_aMéxico, D.F. : _bRepresentaciones y Servicio de Ingeniería, _c1973 |
||
| 300 | _a749 p. | ||
| 490 |
_aMétodos para el análisis de sistemas de ingeniería _v; 5 |
||
| 590 |
_aBATCH-UPD _b10 _c20130110 _lUCH01 _h1156 |
||
| 590 |
_aBATCH-UPD _b10 _c20130410 _lUCH01 _h0739 |
||
| 590 |
_aBATCH-UPD _b10 _c20130914 _lUCH01 _h0857 |
||
| 590 |
_aCONVERSION _b10 _c20130109 _lUCH01 _h1309 |
||
| 650 | 1 | 4 |
_aIngeniería de estructuras. _958217 |
| 830 | 0 |
_aMétodos para el análisis de sistemas de ingeniería _v; 5 _976636 |
|
| 901 | _aBK | ||
| 942 | _cLIBRO | ||
| 949 |
_a624.177 C3 _bBC _cLIBRO _d33724000018792 _eLIBRO _h34920 _i18632 _si |
||
| 949 |
_a624.177 C3 _bBC _cLIBRO _d33724000018800 _eLIBRO _fc.2 _h46438 _i18632 _si |
||
| 949 |
_a624.177 C3 _bBC _cLIBRO _d33724000018818 _eLIBRO _fc.3 _h46439 _i18632 _si |
||
| 949 |
_a624.177 C3 _bBC _cLIBRO _d33724000018826 _eLIBRO _fc.4 _h46440 _i18632 _si |
||
| 949 |
_a624.177 C3 _bBC _cLIBRO _d33724000018834 _eLIBRO _fc.5 _h47663 _i18632 _si |
||
| 999 |
_c13586 _d13586 |
||